| 000 | 00818nam a2200193 4500 | ||
|---|---|---|---|
| 001 | 2668 | ||
| 090 | _a2668 | ||
| 100 | _a20190723b u||y0fre||u0ba y50 | ||
| 101 | _aeng | ||
| 200 |
_aSister _bPériodique _fLos Angeles Womens Center |
||
| 210 |
_aLos Angeles, Calif. _bThe Women's Center, 218 South Venice Blvd. Venice California 90291 _cThe Women's Center _d1972- |
||
| 215 |
_cill. _d38 x 29 cm |
||
| 326 | _aBi-mensuel | ||
| 330 | _aStarted by the Women's Center, a non-partisan organization whose purpose is to serve all the women of Los Angeles. The newspaper was designed to communicate activities and ideas of the women's movement in an open forum. | ||
| 606 |
_aFéminisme _9429 |
||
| 607 |
_91006 _aEtats-Unis d'Amérique |
||
| 710 |
_96636 _aThe Women's Center |
||
| 801 |
_aCH _bCH-002049-8 |
||
| 955 | _r[1973?] vol.IV, n°5 (+ Dble) | ||